A dónde va la educación colombiana
Sábháilte in:
| Údair chorparáideacha: | , , |
|---|---|
| Formáid: | LEABHAR |
| Teanga: | Spáinnis |
| Foilsithe / Cruthaithe: |
Bogotá
Juan Antonio Gómez
1980
|
| Ábhair: | |
| Clibeanna: |
Cuir clib leis
Níl clibeanna ann, Bí ar an gcéad duine le clib a chur leis an taifead seo!
|
MARC
| LEADER | 00000nam a2200000 a 4500 | ||
|---|---|---|---|
| 001 | UCY8061 | ||
| 003 | CL-VaPUC | ||
| 005 | 20230703121543.0 | ||
| 008 | 950623e19800000ck 1 spa d | ||
| 082 | 0 | 4 | |a 370.19 |b UNI |2 21 |
| 110 | 2 | |a Universidad de Bogotá Jorge Tadeo Lozano |e author |9 617266 | |
| 710 | 2 | |a Asociación Colombiana de Universidades |e author |9 617267 | |
| 710 | 2 | |a ASCUN |e author |9 617268 | |
| 245 | 1 | 0 | |a A dónde va la educación colombiana |
| 260 | |a Bogotá |b Juan Antonio Gómez |c 1980 | ||
| 300 | |a 436 p | ||
| 583 | |a last modification |c 19950623 00:00:00 |k Rodrigo Vera | ||
| 650 | 0 | 0 | |a Educación preescolar |9 260381 |
| 650 | 0 | 0 | |a Educación básica |9 224933 |
| 650 | 0 | 0 | |a Educación superior |9 223851 |
| 650 | 0 | 0 | |a Desarrollo económico y social |9 256320 |
| 650 | 0 | 0 | |a Economía de la educación |9 338885 |
| 650 | 0 | 0 | |a Planificación de la educación |9 307333 |
| 650 | 0 | 7 | |a FUTUROLOGIA |2 CL-VaPUC |9 328866 |
| 651 | 0 | |a Colombia |9 256424 | |
| 942 | |c BK | ||
| 945 | |a cmena |d 19950623 00:00:00 | ||
| 546 | |a En Español | ||
| 536 | |a Colciencias | ||
| 536 | |a Fondo Colombiano de Investigaciones Científicas y Proyectos Especiales Francisco José de Caldas | ||
| 536 | |a Fundación para la Educación Superior | ||
| 536 | |a FES | ||
| 518 | |p Foro Nacional A dónde va la educación colombiana, 1, Bogotá, 1980 | ||
| 999 | |c 382407 |d 382405 | ||
| 952 | |0 0 |1 0 |4 0 |6 370_190000000000000_UNI_1980 |7 0 |8 P |9 504082 |a BIBEDU |b BIBEDU |c BIBEDU_PB |d 2020-01-23 |i 1521985 |o 370.19 UNI 1980 |p 1521985 |r 2024-01-25 |w 2020-01-23 |y BK |k EDU | ||